00683nam a2200205Ia 4500952013300000999001500133003000400148005001700152008004100169020001800210040000900228082001500237100002600252245007200278250001200350260005900362300000900421650001100430942003600441 00102ddc40708BOTANYaMESbMEScBOTANYd2019-02-20g5024.00l0o580 RAV/Bp38498r2019-02-20 00:00:00w2019-02-20yBKzGL18R5 c1884d1884OSt20200922131818.0190216s9999||||xx |||||||||||||| ||und|| a9780716710073 coclc a580bRAV/B aRaven, Peter H 94806 0aBiology Of Plants /cPeter H Raven ; Ray F Evert ; Susan E Eichhorn a7th Ed. bW.H. Freeman And Company Publishers,c2004.aNew York: a728p aBotany cBK2ddch580iRAV/Bk580mRAV/B